000 00311nam a2200121Ia 4500
008 220204s9999 xx 000 0 und d
082 _a34:339
_bSAR
100 _aSarjoo Prasad
245 0 _aCommentaries on essential commodities act. 1955
250 _aEd.4
260 _aAllahabad
_bLaw pub
_c1980
942 _cBK
999 _c36032
_d36032